[Event "Ch France (team) (nat.1) 2005/06"]
[Site "masterchessopen.com France"]
[Date "2005.11.13"]
[Round "2"]
[White "Lebreton Flavien (FRA)"]
[Black "Manoeuvre Antoine (FRA)"]
[Result "0-1"]
[WhiteElo "1933"]
[BlackElo "1906"]

1.d4 Nf6 2.Nf3 g6 3.c4 Bg7 4.Nc3 d6 5.e4 O-O 6.Be2 e5 7.O-O Nc6 8.d5 Ne7 9.Ne1
Ne8 10.Be3 f5 11.f3 f4 12.Bf2 g5 13.c5 Ng6 14.Rc1 Rf7 15.b4 Bf8 16.Nd3 h5
17.Qb3 g4 18.Rfd1 Qg5 19.Kf1 g3 20.Bg1 gxh2 21.Bxh2 Nh4 22.Ne1 Rg7 23.Bb5 Nxg2
24.Rd2 Ne3+ 25.Ke2 Bh3 26.Kd3 Bf1+ 27.Ne2 Qh4 28.Nc2 Qxh2 29.Nxe3 fxe3 30.Kxe3
Bxe2 31.Rxe2 Rg2 {#R} 0-1

[Event "Ch France (team) (nat.1) 2007/08"]
[Site "masterchessopen.com France"]
[Date "2008.03.16"]
[Round "9"]
[White "Bes Stephane (FRA)"]
[Black "Leygue Dominique (FRA)"]
[Result "0-1"]
[WhiteElo "2126"]
[BlackElo "2316"]

1.d4 Nf6 2.Nf3 g6 3.c4 Bg7 4.Nc3 O-O 5.e4 d6 6.Be2 e5 7.O-O Nc6 8.d5 Ne7 9.Ne1
Ne8 10.Nd3 f5 11.f3 h5 12.Bd2 f4 13.c5 g5 14.cxd6 cxd6 15.Rc1 Rf6 16.Nf2 Rg6
17.h3 Kh7 18.a4 Ng8 19.b4 Nh6 20.Qc2 g4 21.fxg4 hxg4 22.Nxg4 Bxg4 23.hxg4 Nf6
24.a5 Nfxg4 25.Bxg4 Nxg4 {#R} 0-1

[Event "Ch France (team) (nat.2) 2009/10"]
[Site "masterchessopen.com France"]
[Date "2009.10.18"]
[Round "3"]
[White "Van Elst Andreas (FRA)"]
[Black "Gaubil Olivier (FRA)"]
[Result "1-0"]
[WhiteElo "2288"]
[BlackElo "2114"]

1.d4 Nf6 2.c4 g6 3.Nc3 Bg7 4.e4 O-O 5.Nf3 d6 6.Be2 e5 7.O-O Nc6 8.d5 Ne7 9.Ne1
Ne8 10.Be3 f5 11.f3 f4 12.Bf2 h5 13.c5 g5 14.a4 Rf6 15.cxd6 cxd6 16.a5 Rg6
17.Nb5 Bd7 18.Nxa7 Nc8 19.Nxc8 Bxc8 20.Bb6 Qe7 21.Bb5 Nc7 22.Ba4 g4 23.Rc1 Na6
24.Rf2 g3 25.Rfc2 Nc5 26.Bxc5 Qh4 27.Bb6 Qxh2+ 28.Kf1 Bh3 29.Bg1 h4 30.Qd2 Kh7
31.gxh3 {#r} 1-0

[Event "Ch France (team) 2002"]
[Site "masterchessopen.com France"]
[Round "1"]
[White "Moret Vincent (FRA)"]
[Black "Aguettaz Maxime (FRA)"]
[Result "0-1"]
[WhiteElo "2178"]
[BlackElo "2264"]

1.d4 Nf6 2.Nf3 d6 3.c4 g6 4.Nc3 Bg7 5.e4 O-O 6.Be2 e5 7.O-O Nc6 8.d5 Ne7 9.Ne1
Ne8 10.Be3 f5 11.f3 f4 12.Bf2 h5 13.a4 g5 14.a5 Rf6 15.c5 Rg6 16.cxd6 Nxd6
17.Rc1 g4 18.Bh4 Qe8 19.Qb3 Bd7 20.Nd3 b6 21.Ra1 g3 22.Rfc1 Kh8 23.axb6 cxb6
24.Na4 Nef5 25.exf5 Nxf5 26.hxg3 Nd4 27.Qd1 Bxa4 28.Qf1 fxg3 29.Qe1 Bb5 {#R}
0-1

[Event "Ch France (team) 2010"]
[Site "masterchessopen.com France"]
[Date "2010.03.28"]
[Round "3"]
[White "Laurent Julien G (FRA)"]
[Black "Aguettaz Maxime (FRA)"]
[Result "0-1"]
[WhiteElo "2278"]
[BlackElo "2412"]

1.Nf3 Nf6 2.c4 g6 3.Nc3 Bg7 4.d4 O-O 5.e4 d6 6.Be2 e5 7.O-O Nc6 8.d5 Ne7 9.Ne1
Ne8 10.Nd3 f5 11.f4 exf4 12.Bxf4 Bxc3 13.bxc3 fxe4 14.Bg5 Rxf1+ 15.Qxf1 h6
16.Bxh6 Nf5 17.Qf4 exd3 18.Bg5 Qd7 19.Bxd3 Qg7 20.Re1 Bd7 21.Bxf5 Bxf5 22.g4
Qxc3 23.Re7 Qa1+ 24.Kg2 Qxa2+ 25.Kg3 Qb1 26.gxf5 Ng7 27.Rxg7+ Kxg7 28.Qd4+ Kh7
29.Qf6 Qd3+ 30.Kg2 Qe4+ 31.Kg1 Qg4+ 32.Kh1 Qf3+ 33.Kg1 Qg4+ 34.Kh1 Qxf5
35.Qe7+ Kg8 {#R} 0-1

[Event "Ch Germany"]
[Site "masterchessopen.com Osterburg (Germany)"]
[Date "2012.03.06"]
[Round "5"]
[White "Stern Rene (GER)"]
[Black "Kabisch Thilo (GER)"]
[Result "1-0"]
[WhiteElo "2498"]
[BlackElo "2323"]

1.d4 Nf6 2.c4 g6 3.Nc3 Bg7 4.e4 d6 5.Nf3 O-O 6.Be2 e5 7.O-O Nc6 8.d5 Ne7 9.Ne1
Ne8 10.f3 f5 11.g4 Kh8 12.Kh1 Ng8 13.Rg1 fxg4 14.fxg4 h6 15.g5 hxg5 16.Bxg5
Bf6 17.Be3 g5 18.Qd2 Nh6 19.Nf3 Ng4 20.Nxg5 Nxe3 21.Qxe3 Ng7 22.Ne6 Bxe6
23.Qh6+ Kg8 24.dxe6 c6 25.Bh5 Qe7 26.Raf1 Bg5 27.Bf7+ Rxf7 28.exf7+ Qxf7
29.Qxg5 {#r} 1-0

[Event "Ch Germany (juniors) (club) (under 20)"]
[Site "masterchessopen.com Berlin (Germany)"]
[Round "5"]
[White "Lindinger Markus (GER)"]
[Black "Eichner Sebastian (GER)"]
[Result "0-1"]
[WhiteElo "2185"]
[BlackElo "2321"]

1.Nf3 Nf6 2.c4 g6 3.Nc3 Bg7 4.e4 d6 5.d4 O-O 6.Be2 e5 7.O-O Nc6 8.d5 Ne7 9.Ne1
Ne8 10.Nd3 f5 11.Bd2 f4 12.Rc1 Kh8 13.c5 Ng8 14.Bg4 h5 15.Bxc8 Rxc8 16.Nb5 a6
17.Na3 Nh6 18.Nc4 Nf6 19.f3 g5 20.Qb3 g4 21.Qxb7 Rg8 22.Kh1 gxf3 23.gxf3 Nxe4
24.fxe4 Qh4 25.Ne1 Ng4 26.Nf3 Nf2+ 27.Rxf2 Qxf2 28.Qb3 Bf6 29.Rg1 Rxg1+ {#R}
0-1

[Event "Ch Germany (juniors) (team)"]
[Site "masterchessopen.com Bad Sulza (Germany)"]
[Date "2004.11.17"]
[Round "4"]
[White "Mueller Philipp (GER)"]
[Black "Rittemann Steffen (GER)"]
[Result "1-0"]
[WhiteElo "2016"]
[BlackElo "2150"]

1.d4 d6 2.c4 Nf6 3.Nc3 g6 4.e4 Bg7 5.Nf3 O-O 6.Be2 e5 7.O-O Nc6 8.d5 Ne7 9.Ne1
Ne8 10.Be3 f5 11.f3 f4 12.Bf2 g5 13.c5 h5 14.cxd6 cxd6 15.Rc1 Ng6 16.a4 Rf7
17.b4 Nf6 18.a5 g4 19.Nb5 a6 20.Bb6 Qf8 21.Nc7 gxf3 22.Nxf3 Rxc7 23.Rxc7 h4
24.Ng5 Qe8 25.Bh5 Nxh5 26.Qxh5 h3 {#r} 1-0

[Event "Ch Germany (juniors) (team)"]
[Site "masterchessopen.com Binz (Germany)"]
[Round "4"]
[White "Weiler Ulrich (GER)"]
[Black "Goergens Michael (GER)"]
[Result "1-0"]
[WhiteElo "2162"]
[BlackElo "2082"]

1.c4 Nf6 2.Nc3 g6 3.d4 Bg7 4.e4 d6 5.Nf3 O-O 6.Be2 e5 7.O-O Nc6 8.d5 Ne7 9.Ne1
Ne8 10.f3 f5 11.Be3 f4 12.Bf2 g5 13.Rc1 Rf7 14.c5 Bf8 15.cxd6 cxd6 16.Nb5 Rg7
17.Qb3 Ng6 18.Nxa7 Bd7 19.Nc6 Qf6 20.Qxb7 g4 21.Qxa8 g3 22.Qd8 Ne7 23.Qxd7 Qh4
24.Nxe7+ Bxe7 25.Qxe8+ Bf8 26.Qe6+ Kh8 27.hxg3 fxg3 28.Bxg3 Qxg3 29.Rc8 Qf4
30.Qf5 {#r} 1-0

[Event "Ch Germany (juniors) (team)"]
[Site "masterchessopen.com Binz (Germany)"]
[Round "0"]
[White "Korsus Bernd (GER)"]
[Black "Senff Martin (GER)"]
[Result "0-1"]
[WhiteElo "2294"]
[BlackElo "2225"]

1.d4 Nf6 2.c4 g6 3.Nc3 Bg7 4.e4 d6 5.Be2 O-O 6.Nf3 e5 7.O-O Nc6 8.d5 Ne7 9.Ne1
Ne8 10.Be3 c5 11.Rb1 f5 12.f3 f4 13.Bf2 g5 14.b4 b6 15.bxc5 bxc5 16.Qa4 h5
17.Nd3 g4 18.Qa3 Ng6 19.Nxc5 dxc5 20.Bxc5 g3 21.Rb2 Qh4 22.h3 Bxh3 23.gxh3
Qxh3 24.Bd1 Nh4 25.Re1 g2 26.Kf2 Qh2 27.Rg1 Qg3+ 28.Ke2 Nxf3 {#R} 0-1

[Event "Ch Germany (juniors) (under 15)"]
[Site "masterchessopen.com Bensheim (Germany)"]
[Round "4"]
[White "Wyrwich Markus (GER)"]
[Black "Haensel Thomas (GER)"]
[Result "0-1"]
[WhiteElo "2182"]
[BlackElo "2090"]

1.d4 Nf6 2.c4 g6 3.Nc3 Bg7 4.e4 d6 5.Be2 O-O 6.Nf3 e5 7.O-O Nc6 8.d5 Ne7 9.Ne1
Ne8 10.f3 f5 11.Be3 f4 12.Bf2 h5 13.c5 g5 14.cxd6 cxd6 15.Rc1 Rf6 16.a4 Rg6
17.Kh1 g4 18.Nb5 a6 19.Na3 g3 20.Bg1 gxh2 21.Bf2 h4 22.Bxh4 Bf6 23.Bf2 Rh6
24.Nc4 Ng6 25.Nb6 Rb8 26.Qc2 Bd7 27.Nxd7 Qxd7 28.b4 Bh4 29.Bb6 Bd8 30.Bf2 Nf6
31.b5 Nh5 32.g3 fxg3 33.Be3 Ngf4 34.Bd3 g2+ {#R} 0-1

[Event "Ch Germany (juniors) (under 15) (g)"]
[Site "masterchessopen.com Lingen (Germany)"]
[Round "9"]
[White "Heinrich Stefanie (GER)"]
[Black "Huelsewig Jessica"]
[Result "0-1"]
[WhiteElo "2080"]
[BlackElo "1695"]

1.c4 Nf6 2.Nc3 g6 3.d4 Bg7 4.e4 d6 5.Nf3 O-O 6.Be2 e5 7.O-O Nc6 8.d5 Ne7 9.Ne1
Ne8 10.Be3 f5 11.f3 Nf6 12.Rb1 f4 13.Bf2 g5 14.g4 fxg3 15.hxg3 g4 16.fxg4 Bh6
17.Kg2 Rf7 18.Rh1 Qf8 19.Nd3 Qg7 20.Kh3 Qg6 21.Kg2 Bxg4 22.Rxh6 Qxh6 23.Bxg4
Nxg4 24.Qxg4+ Ng6 25.Rd1 Rg7 26.Qe6+ Kh8 27.Kf1 Rf8 28.Ke1 Qh5 29.Kd2 Re7
30.Qxe7 Nxe7 31.Nb5 Qh2 32.Ke3 Qg2 33.Re1 Rf3+ 34.Ke2 Rxd3 {#R} 0-1

[Event "Ch Germany (seniors) (team)"]
[Site "masterchessopen.com Finsterbergen (Germany)"]
[Date "2009.09.18"]
[Round "7"]
[White "Bachmann Karlheinz (GER)"]
[Black "Zunker Reinhard Dr (GER)"]
[Result "1-0"]
[WhiteElo "2276"]
[BlackElo "2179"]

1.d4 Nf6 2.c4 g6 3.Nc3 Bg7 4.e4 d6 5.Nf3 O-O 6.Be2 e5 7.O-O Nc6 8.d5 Ne7 9.Ne1
Ne8 10.Nd3 f5 11.Bd2 f4 12.c5 g5 13.Rc1 Rf6 14.cxd6 cxd6 15.Nb5 Rg6 16.Bh5 a6
17.Bxg6 Nxg6 18.Nc7 Nxc7 19.Ba5 g4 20.Rxc7 Bd7 21.Qb3 b5 22.Qa3 Bf8 23.Ra7 Qe8
24.Rxa8 Qxa8 25.Bb4 {#r} 1-0

[Event "Ch Germany (universities))"]
[Site "masterchessopen.com Germany"]
[Round "0"]
[White "May Frank (GER)"]
[Black "Doeppner Tilo (GER)"]
[Result "0-1"]
[WhiteElo "2245"]
[BlackElo "2190"]

1.d4 Nf6 2.c4 g6 3.Nc3 Bg7 4.e4 d6 5.Nf3 O-O 6.Be2 e5 7.O-O Nc6 8.d5 Ne7 9.Ne1
Ne8 10.Nd3 f5 11.f3 f4 12.Bd2 h5 13.b4 g5 14.c5 Ng6 15.a4 Rf7 16.a5 Bf8 17.c6
Nh4 18.cxb7 Bxb7 19.g3 fxg3 20.hxg3 Ng6 21.f4 gxf4 22.gxf4 Rg7 23.Rf2 Nxf4+
24.Kh1 Rg3 25.Bxf4 exf4 26.Rh2 Qf6 27.Qe1 h4 28.Ra3 Qg5 29.Qf1 Bg7 30.Bf3 Nf6
31.Ne2 Ng4 32.Bxg4 Qxg4 33.Qxf4 Rf8 34.Qc1 Qf3+ {#R} 0-1

[Event "Ch Great Britain"]
[Site "masterchessopen.com Scarborough (England)"]
[Round "1"]
[White "Wells Peter K (ENG)"]
[Black "Jackson Adrian (ENG)"]
[Result "1-0"]
[WhiteElo "2476"]
[BlackElo "2223"]

1.d4 Nf6 2.c4 g6 3.Nc3 Bg7 4.e4 d6 5.Nf3 O-O 6.Be2 e5 7.O-O Nc6 8.d5 Ne7 9.Ne1
Ne8 10.Be3 f5 11.f3 f4 12.Bf2 g5 13.a4 h5 14.c5 Rf6 15.cxd6 Nxd6 16.Nd3 Rg6
17.Nc5 b6 18.Ne6 Bxe6 19.dxe6 Qc8 20.Nd5 Rxe6 21.Rc1 Nxd5 22.Qxd5 Nf7 23.Ba6
Qxa6 24.Qxa8+ Bf8 25.Rxc7 Qxa4 26.Qxa7 Qxa7 27.Rxa7 {#r} 1-0

[Event "Ch Hamburg (juniors) (under 20)"]
[Site "masterchessopen.com Hamburg (Germany)"]
[Round "9"]
[White "Baulig Bjoern (GER)"]
[Black "Idessis Dimitri (GER)"]
[Result "1-0"]
[WhiteElo "2114"]
[BlackElo "2025"]

1.d4 Nf6 2.c4 g6 3.Nc3 Bg7 4.e4 d6 5.Nf3 O-O 6.Be2 e5 7.O-O Nc6 8.d5 Ne7 9.Ne1
Ne8 10.Be3 f5 11.f3 f4 12.Bf2 g5 13.g4 fxg3 14.hxg3 Ng6 15.Ng2 Rf7 16.Be3 h5
17.Qd2 Bf6 18.Ne1 Qd7 19.Nd3 Qh3 20.Rf2 Nf4 21.gxf4 exf4 22.Rh2 Qg3+ 23.Rg2
fxe3 24.Qxe3 Qh4 25.Rh2 Bh3 26.Nf2 Qg3+ 27.Kh1 Bg4 28.Rg1 Bd4 29.Qxg5+ Rg7
{#r} 1-0

[Event "Ch Hessen (a)"]
[Site "masterchessopen.com Offenbach (Germany)"]
[Date "2012.04.05"]
[Round "1"]
[White "Penzel Nils (GER)"]
[Black "Henrich David"]
[Result "1-0"]
[WhiteElo "2129"]
[BlackElo "1789"]

1.d4 d6 2.Nf3 g6 3.c4 Bg7 4.Nc3 Nf6 5.e4 O-O 6.Be2 e5 7.O-O Nc6 8.d5 Ne7 9.Ne1
Ne8 10.Be3 f5 11.f3 f4 12.Bf2 g5 13.c5 Ng6 14.Rc1 h5 15.cxd6 cxd6 16.Nb5 a6
17.Na3 Bd7 18.Nc4 b5 19.Nb6 Rb8 20.Nxd7 Qxd7 21.Nc2 a5 22.Na3 Nf6 23.Qd2 Nxe4
24.fxe4 g4 25.Qxa5 f3 26.Bxb5 Qf7 27.Qc7 fxg2 28.Qxf7+ Rxf7 29.Kxg2 Rbf8
30.Bg3 Nf4+ 31.Kh1 Bh6 32.Rcd1 Nh3 33.Rxf7 Rxf7 34.Rf1 Bf4 35.Nc4 Rf6 {#r} 1-0

[Event "Ch Hessen (juniors) (under 20)"]
[Site "masterchessopen.com Waldeck (Germany)"]
[Round "4"]
[White "Richter Sergio (GER)"]
[Black "Egenolf Dirk (GER)"]
[Result "1-0"]
[WhiteElo "2252"]
[BlackElo "1915"]

1.d4 Nf6 2.c4 g6 3.Nc3 Bg7 4.e4 d6 5.Nf3 O-O 6.Be2 e5 7.O-O Nc6 8.d5 Ne7 9.Ne1
Kh8 10.Nd3 Nd7 11.Be3 f5 12.f3 f4 13.Bf2 g5 14.c5 a6 15.Rc1 Rf6 16.a4 Rh6
17.Kh1 Nf6 18.a5 Qe8 19.cxd6 cxd6 20.Na4 Nh5 21.Kg1 Ng3 22.Bxg3 fxg3 23.hxg3
Qh5 24.Kf2 Qf7 25.Nb6 Rb8 26.Nxc8 Rxc8 27.Rxc8+ Nxc8 28.Qc2 Qd7 29.Rc1 Na7
30.Qc7 Qxc7 31.Rxc7 Bf6 32.Rxb7 Nb5 33.Nb4 {#r} 1-0

[Event "Ch Hungary (juniors) (under 20)"]
[Site "masterchessopen.com Paks (Hungary)"]
[Round "6"]
[White "Leviczki Tibor (HUN)"]
[Black "Budai David (HUN)"]
[Result "1-0"]
[WhiteElo "2210"]
[BlackElo "2117"]

1.d4 Nf6 2.c4 g6 3.Nc3 Bg7 4.e4 d6 5.Nf3 O-O 6.Be2 e5 7.O-O Nc6 8.d5 Ne7 9.Ne1
Ne8 10.f3 f5 11.g4 fxg4 12.fxg4 Rxf1+ 13.Kxf1 h6 14.h4 Qd7 15.Nd3 h5 16.Nf2
hxg4 17.Bxg4 Qd8 18.Nh3 Nf6 19.Bxc8 Nxc8 20.Ng5 Nh7 21.Qg4 Nxg5 22.hxg5 Qe7
23.Be3 Nb6 24.b3 Re8 25.Kg2 Nc8 26.Rh1 Bf8 27.Qh3 Qg7 28.Nb5 {#r} 1-0

[Event "Ch Hungary (team) 1993/94"]
[Site "masterchessopen.com Hungary"]
[Round "0"]
[White "Horvath Istvan (HUN)"]
[Black "Kocsis Gyorgy (HUN)"]
[Result "0-1"]
[WhiteElo "2180"]
[BlackElo "2289"]

1.c4 g6 2.Nc3 Bg7 3.d4 Nf6 4.e4 d6 5.Be2 O-O 6.Nf3 e5 7.O-O Nc6 8.d5 Ne7 9.Ne1
Ne8 10.Be3 f5 11.f3 f4 12.Bf2 h5 13.c5 g5 14.b4 Ng6 15.Rc1 Rf7 16.cxd6 cxd6
17.a4 Nf6 18.Nb5 a6 19.Na3 g4 20.Kh1 g3 21.Bg1 gxh2 22.Bf2 h4 23.Kxh2 Nh5
24.Nc4 Ng3 25.Rg1 h3 26.gxh3 Qh4 27.Bf1 Nxf1+ 28.Rxf1 Qxh3+ 29.Kg1 Bf8 30.Ng2
Rh7 {#R} 0-1

[Event "Ch Hungary (team) 1997/98 (2 liga)"]
[Site "masterchessopen.com Hungary"]
[Round "0"]
[White "Bordas Gyula (HUN)"]
[Black "Varga Csaba (HUN)"]
[Result "1-0"]
[WhiteElo "2165"]
[BlackElo "2386"]

1.c4 g6 2.Nc3 Bg7 3.e4 d6 4.d4 Nf6 5.Be2 O-O 6.Nf3 Nc6 7.O-O e5 8.d5 Ne7 9.Ne1
Ne8 10.f4 exf4 11.Bxf4 f5 12.exf5 Bxf5 13.Nf3 Bf6 14.Bg5 Ng7 15.Bxf6 Rxf6
16.Nd4 Qf8 17.g4 Bd7 18.Qd2 Nc8 19.Ne4 {#r} 1-0

[Event "Ch Hungary (team) 2000/01"]
[Site "masterchessopen.com Hungary"]
[Round "8"]
[White "Poor Sandor (HUN)"]
[Black "Portisch Ferenc (HUN)"]
[Result "0-1"]
[WhiteElo "2222"]
[BlackElo "2349"]

1.d4 Nf6 2.c4 g6 3.Nf3 Bg7 4.Nc3 O-O 5.e4 d6 6.Be2 e5 7.O-O Nc6 8.d5 Ne7 9.Ne1
Ne8 10.f3 f5 11.g4 f4 12.Nd3 h5 13.h3 Bf6 14.Bd2 Kg7 15.Be1 Ng8 16.Kg2 Nh6
17.c5 Nf7 18.Rc1 Rh8 19.Bf2 Bh4 20.Qe1 Bxf2 21.Qxf2 Bd7 22.c6 bxc6 23.dxc6
Bxc6 24.Nb4 Bd7 25.Bb5 Bxb5 26.Nxb5 c5 27.Nc6 Qd7 28.Ncxa7 hxg4 29.hxg4 Nf6
30.Rfd1 Nxg4 {#R} 0-1

[Event "Ch Hungary (team) 2000/01 (2 liga)"]
[Site "masterchessopen.com Hungary"]
[Round "11"]
[White "Mann Gerald (HUN)"]
[Black "Deak Sandor (HUN)"]
[Result "1-0"]
[WhiteElo "2266"]
[BlackElo "2339"]

1.d4 Nf6 2.c4 g6 3.Nc3 Bg7 4.e4 d6 5.Be2 O-O 6.Nf3 e5 7.O-O Nc6 8.d5 Ne7 9.Ne1
Ne8 10.Be3 f5 11.f3 f4 12.Bf2 g5 13.a4 h5 14.a5 Rf7 15.c5 Bh6 16.Nb5 a6 17.Na3
g4 18.fxg4 Nf6 19.cxd6 cxd6 20.gxh5 Nxe4 21.Bb6 Qf8 22.Rc1 Nf5 23.Bd3 Ne3
24.Bxe3 fxe3 25.Rxf7 Qxf7 26.Rxc8+ Rxc8 27.Qg4+ Ng5 28.Qxc8+ Kg7 29.Qf5 Qxh5
30.Nac2 Qh4 31.g3 Qh5 32.h4 {#r} 1-0

[Event "Ch ICC (blitz) (final)"]
[Site "masterchessopen.com Internet"]
[Round "3"]
[White "Agdestein Simen (NOR)"]
[Black "Jenni Florian (SUI)"]
[Result "1-0"]
[WhiteElo "2578"]
[BlackElo "2516"]

1.d4 Nf6 2.c4 g6 3.Nc3 Bg7 4.e4 d6 5.Nf3 O-O 6.Be2 e5 7.O-O Nc6 8.d5 Ne7 9.Ne1
c5 10.Nd3 Nd7 11.a3 f5 12.b4 b6 13.bxc5 Nxc5 14.Nxc5 bxc5 15.Rb1 fxe4 16.Nxe4
Nf5 17.Bg4 Qc7 18.Bd2 Rb8 19.Rxb8 Qxb8 20.Qb1 Qc7 21.Qb2 Ba6 22.Qc3 Nd4 23.Rc1
Bc8 24.Bd1 Bf5 25.Ng3 Qf7 26.Qe3 h5 27.Nxf5 Qxf5 28.f3 Kh7 29.Be2 Rb8 30.Bd3
Qf6 31.Rb1 Rxb1+ 32.Bxb1 Qe7 33.Qg5 {#r} 1-0

[Event "Ch Ireland"]
[Site "masterchessopen.com Ireland"]
[Round "8"]
[White "Devenney Ray"]
[Black "Daly Colm (FID)"]
[Result "0-1"]
[WhiteElo "2008"]
[BlackElo "2265"]

1.d4 Nf6 2.c4 g6 3.Nc3 Bg7 4.e4 d6 5.Nf3 O-O 6.Be2 e5 7.O-O Nc6 8.d5 Ne7 9.Ne1
Ne8 10.Be3 f5 11.f3 f4 12.Bf2 h5 13.c5 g5 14.cxd6 cxd6 15.Nb5 a6 16.Na3 b5
17.Nac2 Bd7 18.b3 a5 19.a4 b4 20.Nd3 Nf6 21.Nb2 g4 22.Nc4 Nc8 23.Rc1 Qe8
24.Bh4 Qg6 25.Qe1 Nh7 26.Nxa5 Rxa5 27.Qxb4 Ra7 28.Qb8 g3 29.hxg3 fxg3 30.Na3
Bf6 31.Bxf6 Qxf6 32.Rxc8 Qh4 33.Rxf8+ Nxf8 {#R} 0-1

[Event "Ch Italy (seniors)"]
[Site "masterchessopen.com Arvier (Italy)"]
[Date "2010.04.19"]
[Round "2"]
[White "Battaggia Piergiorgio (ITA)"]
[Black "Renzini Lorenzo (ITA)"]
[Result "1-0"]
[WhiteElo "2043"]
[BlackElo "1751"]

1.d4 Nf6 2.c4 g6 3.Nc3 Bg7 4.e4 d6 5.Be2 O-O 6.Nf3 Nc6 7.O-O e5 8.d5 Ne7 9.Ne1
Ne8 10.Nd3 f5 11.Bd2 f4 12.Bg4 Bxg4 13.Qxg4 Nf6 14.Qe6+ Rf7 15.c5 Qd7 16.cxd6
Qxd6 17.Nxe5 Qxe6 18.dxe6 Rff8 19.Nf7 Nh5 20.g4 fxg3 21.fxg3 Bd4+ 22.Kg2 c6
23.Bg5 Bc5 24.Na4 Bd4 25.Bxe7 Rfe8 26.Bc5 Bg7 27.e7 Bf6 28.Nh6+ Kg7 29.Ng4
Bxe7 30.Bd4+ Kg8 31.Nh6# 1-0

[Event "Ch Lithuania"]
[Site "masterchessopen.com Vilnius (Lithuania)"]
[Round "5"]
[White "Bilinskas Raimundas (LTU)"]
[Black "Chocenka Dmitrijus (LTU)"]
[Result "1-0"]
[WhiteElo "2306"]
[BlackElo "2284"]

1.Nf3 Nf6 2.c4 g6 3.Nc3 Bg7 4.e4 d6 5.d4 O-O 6.Be2 Nc6 7.O-O e5 8.d5 Ne7 9.Ne1
Ne8 10.Be3 f5 11.f3 f4 12.Bf2 g5 13.c5 h5 14.cxd6 cxd6 15.a4 Rf6 16.a5 Rg6
17.Nb5 a6 18.Bb6 Qd7 19.Na7 Rxa7 20.Bxa7 Nf6 21.Qa4 Qd8 22.Bb6 Qf8 23.Bc7 Nh7
24.Qb4 Qf6 25.Rc1 g4 26.Bd8 Bd7 27.Qxb7 Nf8 28.Rc7 gxf3 {#r} 1-0

[Event "Ch Maranhense"]
[Site "masterchessopen.com Sao Luis (Brazil)"]
[Date "2012.06.09"]
[Round "5"]
[White "Marcos Paulo de Souza Monteiro"]
[Black "Silva Luiz Eduardo Lopes"]
[Result "0-1"]
[WhiteElo "2060"]
[BlackElo "1968"]

1.d4 Nf6 2.c4 g6 3.Nc3 Bg7 4.e4 d6 5.Nf3 O-O 6.Be2 Nc6 7.O-O e5 8.d5 Ne7 9.Ne1
Ne8 10.Be3 f5 11.f3 f4 12.Bf2 g5 13.b4 h5 14.c5 Rf6 15.h4 Rg6 16.hxg5 Rxg5
17.Bh4 Rg6 18.Kf2 Bf6 19.Rh1 Bxh4+ 20.Rxh4 Nf5 21.Rxh5 Ne3 22.Qb3 Ng7 23.Rh2
Qg5 24.Nb5 Qg3+ 25.Kg1 Bh3 26.Bf1 Nxf1 27.Rxh3 Qxh3 28.Kxf1 Qh1+ 29.Kf2 Nh5
30.Nxc7 Ng3 31.Nc2 Nxe4+ 32.fxe4 Rxg2+ {#R} 0-1

[Event "Ch Mexico"]
[Site "masterchessopen.com Mexico City (Mexico)"]
[Date "2006.04.11"]
[Round "1"]
[White "Garza Villarreal Jaime (MEX)"]
[Black "Ramos Mejia Gerardo (MEX)"]
[Result "1-0"]
[WhiteElo "2138"]
[BlackElo "1873"]

1.d4 Nf6 2.Nf3 g6 3.c4 Bg7 4.Nc3 d6 5.e4 O-O 6.Be2 e5 7.O-O Nc6 8.d5 Ne7 9.Ne1
Ne8 10.Be3 f5 11.f3 Nf6 12.c5 a6 13.a4 a5 14.Rc1 Bd7 15.Nd3 Kh8 16.cxd6 cxd6
17.b3 f4 18.Bf2 g5 19.Nb2 Rg8 20.Nc4 Nc8 21.Kh1 Bf8 {#r} 1-0

[Event "Ch Minnesota"]
[Site "masterchessopen.com Minnesota (USA)"]
[Round "0"]
[White "Hoover Nathan (USA)"]
[Black "Balandin Alex (USA)"]
[Result "0-1"]
[WhiteElo "2123"]
[BlackElo "2375"]

1.e4 g6 2.d4 Bg7 3.c4 d6 4.Nc3 Nf6 5.Nf3 O-O 6.Be2 e5 7.O-O Nc6 8.d5 Ne7 9.Ne1
c5 10.dxc6 bxc6 11.Be3 Be6 12.Qd2 d5 13.cxd5 cxd5 14.exd5 Nfxd5 15.Bc5 Rc8
16.b4 Nxc3 17.Qxc3 e4 18.Qc1 Bxa1 19.Qxa1 Qd2 20.Ba6 Rxc5 21.bxc5 Qa5 22.Be2
Qxc5 23.Qb1 Nd5 24.Qb2 Nc3 25.Ba6 Qa5 26.Nc2 Qxa6 27.Qxc3 Rc8 28.Qb2 Qe2
29.Rc1 e3 {#R} 0-1

[Event "Ch Montenegro (team) (1 liga)"]
[Site "masterchessopen.com Cetinje (Montenegro)"]
[Date "2012.08.11"]
[Round "9"]
[White "Ljesar Dragan (MNE)"]
[Black "Djukic Nikola (MNE)"]
[Result "0-1"]
[WhiteElo "2126"]
[BlackElo "2515"]

1.Nf3 Nf6 2.d4 g6 3.c4 Bg7 4.Nc3 O-O 5.e4 d6 6.Be2 e5 7.O-O Nc6 8.d5 Ne7 9.Ne1
Ne8 10.Be3 f5 11.f3 f4 12.Bf2 h5 13.c5 g5 14.Nd3 Ng6 15.Rc1 Rf7 16.Nb5 a6
17.Na3 Bf8 18.Nc4 Rg7 19.h3 Nf6 20.cxd6 Bxd6 21.Nxd6 cxd6 22.Qb3 g4 23.Bb6 Qf8
24.hxg4 hxg4 25.Kf2 Rh7 26.Ke1 Rh2 27.Rg1 Nh4 28.Bf1 Kh8 29.Nf2 Bd7 30.Rh1
Rxh1 31.Nxh1 g3 {#R} 0-1

[Event "Ch Moscow (open)"]
[Site "masterchessopen.com Moscow (Russia)"]
[Round "1"]
[White "Inzhevatov Denis I (RUS)"]
[Black "Saulin Dmitri (RUS)"]
[Result "0-1"]
[WhiteElo "2185"]
[BlackElo "2345"]

1.d4 Nf6 2.Nf3 g6 3.c4 Bg7 4.Nc3 O-O 5.e4 d6 6.Be2 e5 7.O-O Nc6 8.d5 Ne7 9.Ne1
Ne8 10.Be3 f5 11.f3 f4 12.Bf2 h5 13.Nd3 g5 14.a4 Nf6 15.a5 Ng6 16.c5 g4 17.a6
bxa6 18.Nb4 g3 19.hxg3 fxg3 20.Bxg3 h4 21.Bf2 Qe8 22.Nc6 Nh5 23.Bxa6 Bxa6
24.Rxa6 Ng3 25.Re1 Nf4 26.cxd6 cxd6 27.Nb5 Qd7 28.Rxa7 Rxa7 29.Ncxa7 Nh3+
30.gxh3 Qxh3 31.Bxg3 Qxg3+ 32.Kh1 Qh3+ 33.Kg1 Rxf3 34.Re2 Rg3+ {#R} 0-1

[Event "Ch NATO"]
[Site "masterchessopen.com Berkshire "]
[Date "2006.08.22"]
[Round "2"]
[White "Skindzier Saturnin (POL)"]
[Black "Ranario Dan (USA)"]
[Result "1-0"]
[WhiteElo "2196"]
[BlackElo "2086"]

1.d4 Nf6 2.Nf3 g6 3.c4 Bg7 4.Nc3 d6 5.e4 O-O 6.Be2 Nc6 7.O-O e5 8.d5 Ne7 9.Ne1
b6 10.Nd3 a5 11.Be3 Ne8 12.b4 f5 13.f3 Nf6 14.a3 Nh5 15.c5 bxc5 16.bxc5 Nf4
17.Nxf4 exf4 18.Bd4 dxc5 19.Bxg7 Kxg7 20.Na4 Qd6 21.Rc1 c6 22.dxc6 Qxc6
23.Rxc5 Qe8 24.Qd4+ Kh6 25.Rc7 Ba6 26.Bxa6 Rxa6 27.Qe5 Rf7 28.Nc5 Rc6 29.Ne6
g5 30.h4 Rxc7 31.hxg5+ Kg6 32.exf5+ Kh5 33.Nxf4+ {#r} 1-0

[Event "Ch Netherlands (juniors) (under 15)"]
[Site "masterchessopen.com Venlo (Netherlands)"]
[Date "2009.04.29"]
[Round "6"]
[White "Veltkamp Bastiaan"]
[Black "Evengroen Bernard"]
[Result "1-0"]
[WhiteElo "1698"]
[BlackElo "1532"]

1.d4 Nf6 2.c4 g6 3.Nc3 Bg7 4.e4 d6 5.Nf3 O-O 6.Be2 e5 7.O-O Nc6 8.d5 Ne7 9.Ne1
Ne8 10.Be3 f5 11.f3 f4 12.Bf2 g5 13.b4 h5 14.c5 Nf6 15.cxd6 cxd6 16.Rc1 g4
17.Nb5 gxf3 18.Nxf3 Nxe4 19.Nc7 Nxf2 20.Rxf2 Rb8 21.Ng5 Qd7 22.Nge6 Rf6 23.Bb5
Qxb5 24.Nxb5 Bxe6 25.dxe6 Rxe6 26.Rc7 d5 27.Nc3 d4 28.Qb3 {#r} 1-0